[Event "Verden op-A"]
[Site "Verden"]
[Date "2023.01.08"]
[Round "7"]
[White "Kieselbach, Marvin"]
[Black "Schramm, Kilian"]
[Result "1/2-1/2"]
[WhiteElo "1847"]
[BlackElo "1615"]
[PlyCount "92"]
[EventDate "2023.01.05"]
[EventType "swiss"]
[EventRounds "7"]
[EventCountry "GER"]
[SourceTitle "CBM 212 Extra"]
[Source "ChessBase"]
[SourceDate "2023.03.31"]
[SourceVersion "1"]
[SourceVersionDate "2023.03.31"]
[SourceQuality "1"]

1. e4 c5 2. Nf3 d6 3. d4 cxd4 4. Nxd4 Nf6 5. Nc3 a6 6. f3 Nc6 7. Be3 e5 8. Nb3 Be7 9. Qd2 Be6 10. 0-0-0 h5 11. Nd5 Bxd5 12. exd5 Nb8 13. Kb1 Nbd7 14. Na5 Nb6 15. Nxb7 Qc7 16. Qa5 Nfd7 17. Bxa6 Qxb7 18. Bxb7 Rxa5 19. Bc6 Bd8 20. b4 Ra3 21. Bxb6 Bxb6 22. Kb2 Re3 23. c3 Re2+ 24. Kb3 Ke7 25. g3 Rb8 26. a4 f5 27. Ra1 Be3 28. Kc4 e4 29. fxe4 Ne5+ 30. Kb3 Bd2 31. exf5 Re3 32. Kc2 Nc4 33. Bb5 Rxc3+ 34. Kd1 Bg5 35. Re1+ Ne3+ 36. Kd2 Rbc8 37. Bc6 Rb3 38. Re2 Kf6 39. b5 Rc7 40. Ke1 Re7 41. Kf2 Ng4+ 42. Kf1 Rf3+ 43. Kg2 Rxe2+ 44. Kxf3 Re3+ 45. Kg2 Re2+ 46. Kf3 Re3+ 1/2-1/2

[Event "Bremen Silvester op-B"]
[Site "Bremen"]
[Date "2022.12.30"]
[Round "7"]
[White "Schramm, Kilian"]
[Black "Hielscher, Ursula"]
[Result "1-0"]
[WhiteElo "1615"]
[BlackElo "1717"]
[PlyCount "93"]
[EventDate "2022.12.27"]
[EventType "swiss"]
[EventRounds "7"]
[EventCountry "GER"]
[SourceTitle "CBM 211 Extra"]
[Source "ChessBase"]
[SourceDate "2023.01.31"]
[SourceVersion "1"]
[SourceVersionDate "2023.01.31"]
[SourceQuality "1"]

1. e4 e6 2. d3 d5 3. Nd2 Nf6 4. Ngf3 Bc5 5. e5 Nfd7 6. d4 Bb6 7. c3 c5 8. dxc5 Bxc5 9. Nb3 Be7 10. Bd3 Nc6 11. Qe2 h6 12. Nbd4 Nxd4 13. Nxd4 Nc5 14. Bc2 Bd7 15. Qg4 Bf8 16. a4 Qc7 17. Bf4 0-0-0 18. Nb5 Bxb5 19. axb5 b6 20. 0-0 Kb7 21. Be3 Nd7 22. Qa4 Ra8 23. c4 Nc5 24. Bxc5 Bxc5 25. cxd5 exd5 26. b4 Bd4 27. Bb3 Rhd8 28. Rad1 Qxe5 29. Rfe1 Bxf2+ 30. Kxf2 Qf6+ 31. Kg1 d4 32. Qa6+ Kb8 33. Qa2 Qf5 34. Qf2 Qxf2+ 35. Kxf2 Rd7 36. Re4 Kc7 37. Rexd4 Rxd4 38. Rxd4 f6 39. Be6 Rd8 40. Rxd8 Kxd8 41. Ke3 Ke7 42. Bf5 Kd6 43. Kd4 h5 44. h4 g5 45. hxg5 fxg5 46. Bg6 h4 47. Bf5 1-0

[Event "Bremen Silvester op-B"]
[Site "Bremen"]
[Date "2022.12.27"]
[Round "2"]
[White "Schramm, Kilian"]
[Black "Wallhof, Dieter"]
[Result "0-1"]
[WhiteElo "1615"]
[BlackElo "1913"]
[PlyCount "82"]
[EventDate "2022.12.27"]
[EventType "swiss"]
[EventRounds "7"]
[EventCountry "GER"]
[SourceTitle "CBM 211 Extra"]
[Source "ChessBase"]
[SourceDate "2023.01.31"]
[SourceVersion "1"]
[SourceVersionDate "2023.01.31"]
[SourceQuality "1"]

1. e4 e6 2. d3 c5 3. Nf3 Nc6 4. c3 g6 5. g3 Bg7 6. Bg2 Rb8 7. a4 d6 8. 0-0 Nge7 9. Na3 0-0 10. Re1 e5 11. Nh4 Be6 12. f4 exf4 13. Bxf4 h6 14. Nf3 g5 15. Be3 b6 16. d4 g4 17. d5 gxf3 18. Bxf3 Ne5 19. dxe6 Nxf3+ 20. Qxf3 fxe6 21. Qg4 Rf6 22. Rf1 Rg6 23. Qf4 Qd7 24. Rad1 e5 25. Qf7+ Kh7 26. Qc4 Rf8 27. Rxf8 Bxf8 28. a5 Ng8 29. a6 Nf6 30. Nb5 Nxe4 31. Qxe4 Qxb5 32. Rf1 Bg7 33. Qb7 Qd3 34. Bf2 e4 35. Qxa7 Rf6 36. Qb7 e3 37. a7 exf2+ 38. Kg2 d5 39. Qc8 Qf3+ 40. Kh3 Rf5 41. Rxf2 Rh5# 0-1

[Event "GER-ch U18 sf Berlin Online"]
[Site "Playchess.com INT"]
[Date "2020.05.01"]
[Round "6"]
[White "Abed, Karim"]
[Black "Schramm, Kilian"]
[Result "1-0"]
[WhiteElo "1502"]
[BlackElo "1620"]
[PlyCount "141"]
[EventDate "2020.05.01"]
[EventType "swiss (blitz)"]
[EventRounds "13"]
[EventCountry "GER"]
[SourceTitle "CBM 195 Extra"]
[Source "ChessBase"]
[SourceDate "2020.05.31"]
[SourceVersion "1"]
[SourceVersionDate "2020.05.31"]
[SourceQuality "1"]

1. d4 d5 2. c4 c6 3. Nc3 Nf6 4. Bg5 e6 5. e3 Bb4 6. cxd5 cxd5 7. Nf3 Nc6 8. Bd3 h6 9. Bh4 0-0 10. 0-0 a5 11. a3 Be7 12. Qc2 b6 13. Nb5 Ba6 14. Qxc6 Rc8 15. Nc7 Rxc7 16. Qa4 Bxd3 17. Rfd1 Bc2 18. Qb5 Bxd1 19. Rxd1 Rb7 20. Ne5 Ne4 21. Nc6 Qd7 22. Nxe7+ Kh7 23. Qd3 g5 24. f3 Qxe7 25. Be1 f5 26. fxe4 dxe4 27. Qb3 Rf7 28. Bg3 f4 29. exf4 gxf4 30. Be1 Rg7 31. Qc2 f3 32. Qxe4+ Kh8 33. Qxf3 Qg5 34. Bd2 Qg4 35. Qxg4 Rxg4 36. Bxh6 Rh7 37. Be3 Rhg7 38. Rd2 Kh7 39. g3 R4g6 40. Bf4 Rd7 41. Kg2 Rg8 42. Kf3 Rgd8 43. Ke4 Kg6 44. Be5 Kg5 45. Rc2 Kg4 46. Rc6 Kh3 47. Rxe6 Kxh2 48. Rh6+ Kg2 49. Rxb6 Kh3 50. Ra6 Rd5 51. Rh6+ Kg4 52. Rh4+ Kg5 53. Rh2 Kg4 54. Rh7 Kg5 55. Rg7+ Kh6 56. Rf7 Kg6 57. Rf6+ Kg7 58. Rd6+ Rxe5+ 59. dxe5 Rxd6 60. exd6 Kf7 61. Ke5 Ke8 62. Ke6 Kd8 63. d7 a4 64. g4 Kc7 65. Ke7 Kc6 66. d8Q Kc5 67. Qd3 Kc6 68. Qd4 Kc7 69. Qd5 Kb6 70. Qc4 Kb7 71. Qc5 1-0

[Event "GER-ch U18 sf Berlin Online"]
[Site "Playchess.com INT"]
[Date "2020.05.01"]
[Round "9"]
[White "Burkart, Lloyd Shang"]
[Black "Schramm, Kilian"]
[Result "1-0"]
[WhiteElo "1620"]
[BlackElo "1620"]
[PlyCount "75"]
[EventDate "2020.05.01"]
[EventType "swiss (blitz)"]
[EventRounds "13"]
[EventCountry "GER"]
[SourceTitle "CBM 195 Extra"]
[Source "ChessBase"]
[SourceDate "2020.05.31"]
[SourceVersion "1"]
[SourceVersionDate "2020.05.31"]
[SourceQuality "1"]

1. e4 e5 2. Nf3 Nf6 3. Nxe5 d6 4. Nf3 Nxe4 5. Qe2 Qe7 6. d3 Nf6 7. Bg5 Qxe2+ 8. Bxe2 Be7 9. Nc3 0-0 10. Kd2 Nc6 11. Rhe1 Re8 12. d4 Bf5 13. Bb5 h6 14. Bh4 Ne4+ 15. Nxe4 Bxh4 16. Nxh4 Bxe4 17. Bxc6 Bxc6 18. Nf3 Bxf3 19. gxf3 g5 20. Re4 f5 21. Re3 f4 22. Re4 d5 23. Re2 Rxe2+ 24. Kxe2 Re8+ 25. Kd3 b6 26. Rg1 c5 27. c3 c4+ 28. Kd2 Kg7 29. h4 Kf6 30. hxg5+ hxg5 31. Rh1 Kf5 32. Rh7 a5 33. Rf7+ Kg6 34. Rd7 Kh5 35. Rxd5 Kh4 36. Rd6 Rb8 37. Rg6 Re8 38. Rh6# 1-0

[Event "GER-ch U18 sf Berlin Online"]
[Site "Playchess.com INT"]
[Date "2020.05.01"]
[Round "13"]
[White "Lieske, Aaron"]
[Black "Schramm, Kilian"]
[Result "0-1"]
[WhiteElo "1620"]
[BlackElo "1620"]
[PlyCount "66"]
[EventDate "2020.05.01"]
[EventType "swiss (blitz)"]
[EventRounds "13"]
[EventCountry "GER"]
[SourceTitle "CBM 195 Extra"]
[Source "ChessBase"]
[SourceDate "2020.05.31"]
[SourceVersion "1"]
[SourceVersionDate "2020.05.31"]
[SourceQuality "1"]

1. e4 e5 2. Nf3 Nf6 3. Nc3 Nc6 4. Bc4 Nxe4 5. Nxe4 d5 6. Bxd5 Qxd5 7. Nc3 Qd6 8. 0-0 Bg4 9. h3 Bh5 10. Re1 f6 11. d3 0-0-0 12. Be3 g5 13. Ne4 Qe6 14. a4 g4 15. hxg4 Bxg4 16. a5 h5 17. a6 b6 18. Ng3 h4 19. Nf1 h3 20. N1h2 Bh6 21. Nxg4 Qxg4 22. g3 Bxe3 23. Rxe3 Nd4 24. Nh2 Qe6 25. c3 Nf5 26. Re4 Qd6 27. Qg4 Qe6 28. d4 Kb8 29. dxe5 fxe5 30. Nf3 Qd7 31. Rae1 Nd6 32. Qxd7 Rxd7 33. Nxe5 Rdh7 0-1

[Event "GER-ch U18 sf Berlin Online"]
[Site "Playchess.com INT"]
[Date "2020.05.01"]
[Round "4"]
[White "Morczynski, Joachim"]
[Black "Schramm, Kilian"]
[Result "1/2-1/2"]
[WhiteElo "1519"]
[BlackElo "1620"]
[PlyCount "94"]
[EventDate "2020.05.01"]
[EventType "swiss (blitz)"]
[EventRounds "13"]
[EventCountry "GER"]
[SourceTitle "CBM 195 Extra"]
[Source "ChessBase"]
[SourceDate "2020.05.31"]
[SourceVersion "1"]
[SourceVersionDate "2020.05.31"]
[SourceQuality "1"]

1. e4 c5 2. Nf3 Nc6 3. Bb5 d6 4. d4 Bd7 5. Bxc6 Bxc6 6. Nc3 Nf6 7. d5 Bd7 8. Bg5 e6 9. dxe6 Bxe6 10. 0-0 h6 11. Bh4 Be7 12. Bg3 d5 13. exd5 Nxd5 14. Nxd5 Qxd5 15. Qe2 0-0 16. a3 Rad8 17. Rad1 Qc6 18. Ne5 Qb6 19. b3 Bf6 20. Nc4 Bxc4 21. Qxc4 Rxd1 22. Rxd1 Rd8 23. Re1 Qc6 24. b4 cxb4 25. Qxc6 bxc6 26. axb4 Bc3 27. Rb1 Bxb4 28. h3 Bd6 29. Bxd6 Rxd6 30. Rb8+ Kh7 31. Rb7 Rd1+ 32. Kh2 Rd2 33. Rxa7 Rxc2 34. Rxf7 Kg6 35. Rf3 c5 36. Kg3 c4 37. Kf4 Rc1 38. Ke3 Rg1 39. g4 c3 40. Kd3 Kg5 41. Kxc3 Kh4 42. Kd4 Rh1 43. Rf7 Rxh3 44. Rxg7 Rf3 45. Rh7 Rxf2 46. Rxh6+ Kxg4 47. Rg6+ Kf3 1/2-1/2

[Event "GER-ch U18 sf Berlin Online"]
[Site "Playchess.com INT"]
[Date "2020.05.01"]
[Round "8"]
[White "Roos Nazario, Lukas"]
[Black "Schramm, Kilian"]
[Result "0-1"]
[WhiteElo "1544"]
[BlackElo "1620"]
[PlyCount "119"]
[EventDate "2020.05.01"]
[EventType "swiss (blitz)"]
[EventRounds "13"]
[EventCountry "GER"]
[SourceTitle "CBM 195 Extra"]
[Source "ChessBase"]
[SourceDate "2020.05.31"]
[SourceVersion "1"]
[SourceVersionDate "2020.05.31"]
[SourceQuality "1"]

1. e4 e5 2. Nf3 Nf6 3. Nc3 Nc6 4. Bc4 Nxe4 5. Nxe4 d5 6. Bxd5 Qxd5 7. Nc3 Qd8 8. d3 Bg4 9. Be3 Bd6 10. h3 Bh5 11. Qe2 0-0 12. g4 Bg6 13. h4 f6 14. h5 Bf7 15. h6 g6 16. g5 f5 17. 0-0-0 a5 18. d4 exd4 19. Nxd4 Nxd4 20. Bxd4 Re8 21. Qd3 Bf4+ 22. Kb1 b6 23. Bf6 Qxd3 24. Rxd3 Bc4 25. Rd4 Be5 26. Rxc4 Bxf6 27. Rd4 Bxd4 28. Rd1 Rad8 29. Nb5 Bxf2 30. Rf1 Re1+ 31. Rxe1 Bxe1 32. c3 Bd2 33. Nxc7 Bxg5 34. Ne6 Rd1+ 35. Kc2 Rg1 36. Nd4 Bxh6 37. Nf3 Rg2+ 38. Kb3 Bf8 39. Ne5 Bc5 40. Ka4 h5 41. b4 axb4 42. cxb4 Bd4 43. Nf3 Rxa2+ 44. Kb3 Rb2+ 45. Kc4 Bf6 46. Ne1 Re2 47. Nd3 Re4+ 48. Kb5 Bd4 49. Nc1 h4 50. Nb3 h3 51. Nxd4 Rxd4 52. Kxb6 Rxb4+ 53. Kc5 Re4 54. Kd5 h2 55. Kc5 h1Q 56. Kd5 Qd1+ 57. Kc5 Re2 58. Kc4 Rc2+ 59. Kb3 Qb1+ 60. Ka4 0-1

[Event "GER-ch U18 sf Berlin Online"]
[Site "Playchess.com INT"]
[Date "2020.05.01"]
[Round "2"]
[White "Schramm, Kilian"]
[Black "Voth, Joshua"]
[Result "1-0"]
[WhiteElo "1620"]
[BlackElo "1515"]
[PlyCount "47"]
[EventDate "2020.05.01"]
[EventType "swiss (blitz)"]
[EventRounds "13"]
[EventCountry "GER"]
[SourceTitle "CBM 195 Extra"]
[Source "ChessBase"]
[SourceDate "2020.05.31"]
[SourceVersion "1"]
[SourceVersionDate "2020.05.31"]
[SourceQuality "1"]

1. e4 c5 2. Nf3 Nc6 3. Bc4 d6 4. Nc3 e6 5. d4 b6 6. d5 exd5 7. Bxd5 Bb7 8. 0-0 Nf6 9. Re1 Be7 10. Bg5 0-0 11. a4 Nxd5 12. exd5 Bxg5 13. dxc6 Bxc6 14. Nxg5 Qxg5 15. Ne4 Bxe4 16. Rxe4 Qf6 17. b3 Rfe8 18. Qd3 Qf5 19. Rxe8+ Rxe8 20. Qxf5 g6 21. Qd5 Re6 22. Kf1 Kf8 23. Re1 Re7 24. Qxd6 1-0